Estland A-Z - Statistiken

Allgemein
  • Dieses Quiz wurde 95 mal gespielt
    63 seit der letzten Aktualisierung
  • Das Durchschnittsergebnis liegt bei 14 aus 26
Antwortstatistiken
# Hinweis Antwort % Korrekt
L Südliches Nachbarland Lettland
96%
E Internationale Organisation der Estland 2004 beitrat Europäische Union
93%
N Internationale Organisation der Estland 2004 beitrat NATO
93%
S Land von dem Estland 1991 unabhängig wurde Sowjetunion
93%
T Hauptstadt Tallinn
93%
F Angrenzender Meerbusen {Finnischer} Meerbusen
88%
R Größte ethnische Minderheit Russen
88%
B Region in der Estland liegt Baltikum
86%
G Schwedischer König der mit der Universität Tartu 1632 die älteste Universität Estlands gründete {Gustav} II. Adolf
79%
J Estland war das erste Land das von den Nazis, während des Holocausts, offiziell für folgendes erklärt wurde Judenfrei
77%
K Währung vor Einführung des Euros Krone
71%
Z Titel des Staatsoberhauptes 1710-1917 Zar
64%
A Estnische Staatsbürger waren die ersten die dies über das Internet tun konnten Abstimmen
61%
Y Telekommunikationsunternehmen aus EstlandEnthält ein Y Skype
50%
U Sprachfamilie der Estnisch angehört andere Mitglieder der Sprachfamilie sind z.B.: Finnisch, Samojedisch & Ungarisch {Uralische} Sprachen
41%
O Alternative (französische) Abkürzung von #N OTAN
34%
P Größter See Estlands Fünftgrößter See Europas Ostgrenze Estlands {Peipus}see
34%
D Nachfolger des Schwertbrüderordens Herrschte von 1237-1561 über Estland Deutscher Orden
30%
X Wegen dieses Ereignises begann Estland seine #E-Ratspräsidentschaft 2017 statt 2018 Enthält ein X Brexit
29%
H Zweitgrößte Insel Estlands Nördlich von Saaremaa Hiiumaa
29%
C Der Este Paavo Järvi war Chefdirigent dieses Orchesters Tipp: Drittgrößte Stadt Ohios {Cincinnati} Symphony Orchestra
27%
I Vaterland/Heimat auf Estnisch Teil der Nationalhymne: Mu ______, mu õnn ja rõõm [...] Isamaa
23%
V Das Estnische Unternehmen #Y ist bekannt für diese Art von Dienstleistung Videotelefonie
23%
M Antikommunistische Partisanengruppe 1940-1978 Estnischer Name Metsavennad
9%
W Antikommunistische Partisanengruppe 1940-1978 Deutscher Name Waldbrüder
9%
Q Elektronikunternehmen aus Tallinn Endet auf Q Elcoteq
2%
Keine übereinstimmenden Quizze gefunden
Verteilung der Resultate
Anzahl Personen mit jedem Resultat
Perzentil nach korrekt beantworteten Fragen
Ihre Resultats-Entwicklung
Sie haben dieses Quiz seit der letzten Aktualisierung nicht gespielt